[Event "GER-chT U14"]
[Site "Duesseldorf"]
[Date "2016.12.30"]
[Round "7.2"]
[White "Lohvinov, Petro"]
[Black "Kipke, Kevin"]
[Result "1-0"]
[WhiteElo "1714"]
[BlackElo "1623"]
[PlyCount "101"]
[EventDate "2016.12.27"]
[EventType "team-swiss"]
[EventRounds "7"]
[EventCountry "GER"]
[SourceTitle "EXT 2022"]
[Source "ChessBase"]
[SourceDate "2021.10.06"]
[SourceVersion "1"]
[SourceVersionDate "2021.10.06"]
[SourceQuality "1"]
[WhiteTeam "Muenchen Suedost U14"]
[BlackTeam "Hamburg Koenigsspringer U14"]
[WhiteTeamCountry "GER"]
[BlackTeamCountry "GER"]

1. e4 c5 2. c3 d5 3. exd5 Qxd5 4. d4 cxd4 5. cxd4 Nc6 6. Nf3 e5 7. Nc3 Bb4 8. Bd2 Bxc3 9. Bxc3 e4 10. Ne5 Nxe5 11. dxe5 Ne7 12. Qxd5 Nxd5 13. Bb5+ Ke7 14. Bd4 Rd8 15. Rd1 Bg4 16. Rd2 Rac8 17. 0-0 a6 18. Ba4 Nf4 19. Be3 Ng6 20. h3 Be6 21. Rxd8 Kxd8 22. Bg5+ Kc7 23. Re1 h6 24. Bd2 Bd5 25. Bc3 b5 26. Bb3 Bxb3 27. axb3 Re8 28. Rxe4 Kc6 29. e6 Rxe6 30. Rxe6+ fxe6 31. Bxg7 h5 32. g3 Kc5 33. Bc3 e5 34. Kf1 e4 35. Ke2 b4 36. Bf6 Kd5 37. Ke3 Nf8 38. Be7 Ne6 39. Bxb4 Nd4 40. Bc3 Nxb3 41. g4 hxg4 42. hxg4 Nc5 43. g5 Nb7 44. g6 Nd6 45. Kf4 Ke6 46. g7 Kf7 47. Ke5 e3 48. fxe3 Nb5 49. Kd5 Nxc3+ 50. bxc3 Kxg7 51. Kc5 1-0

[Event "GER-chT U14"]
[Site "Duesseldorf"]
[Date "2016.12.28"]
[Round "4.2"]
[White "Kipke, Kevin"]
[Black "Post, Hugo"]
[Result "1/2-1/2"]
[WhiteElo "1740"]
[BlackElo "1851"]
[PlyCount "89"]
[EventDate "2016.12.27"]
[EventType "team-swiss"]
[EventRounds "7"]
[EventCountry "GER"]
[SourceTitle "EXT 2018"]
[Source "ChessBase"]
[SourceDate "2017.10.13"]
[SourceVersion "1"]
[SourceVersionDate "2017.10.13"]
[SourceQuality "1"]
[WhiteTeam "Hamburg Koenigsspringer U14"]
[BlackTeam "Halle Reideburger U14"]
[WhiteTeamCountry "GER"]
[BlackTeamCountry "GER"]

1. e4 c5 2. Nf3 Nc6 3. d4 cxd4 4. Nxd4 g6 5. Nc3 Bg7 6. Be3 Nf6 7. Bc4 0-0 8. Bb3 a5 9. f3 d6 10. Qd2 Bd7 11. h4 a4 12. Bc4 Ne5 13. Be2 h5 14. Bh6 Qa5 15. Bxg7 Kxg7 16. a3 Rfc8 17. Rb1 Nc4 18. Bxc4 Rxc4 19. Nde2 Rc5 20. Nf4 Rac8 21. Nd3 R5c7 22. Nb4 Be6 23. Qe2 d5 24. exd5 Rxc3 25. bxc3 Nxd5 26. Qe5+ Kh7 27. Nxd5 Bxd5 28. Rb4 Rc5 29. Qd4 e5 30. Qd3 e4 31. fxe4 Be6 32. 0-0 Qc7 33. Rf3 Bc4 34. Qd4 b5 35. Rb1 Be6 36. Qd3 Bc4 37. Qd4 Be6 38. Rbf1 Rc4 39. Qd3 Qc5+ 40. Kh1 Qc7 41. R1f2 Kg8 42. Rd2 Kg7 43. Qe3 Qe7 44. Rd4 Qxa3 45. Qf4 1/2-1/2

[Event "GER-chT U14"]
[Site "Duesseldorf"]
[Date "2016.12.28"]
[Round "3.2"]
[White "Woellenstein, Sebastian"]
[Black "Kipke, Kevin"]
[Result "0-1"]
[WhiteElo "1668"]
[BlackElo "1740"]
[PlyCount "116"]
[EventDate "2016.12.27"]
[EventType "team-swiss"]
[EventRounds "7"]
[EventCountry "GER"]
[SourceTitle "EXT 2018"]
[Source "ChessBase"]
[SourceDate "2017.10.13"]
[SourceVersion "1"]
[SourceVersionDate "2017.10.13"]
[SourceQuality "1"]
[WhiteTeam "Kassel Caissa U14"]
[BlackTeam "Hamburg Koenigsspringer U14"]
[WhiteTeamCountry "GER"]
[BlackTeamCountry "GER"]

1. e4 c5 2. Nc3 e6 3. Nf3 a6 4. d4 cxd4 5. Nxd4 Qc7 6. Be2 Nf6 7. f4 d6 8. 0-0 Be7 9. Bf3 Nbd7 10. Re1 Rb8 11. Be3 b5 12. a3 Bb7 13. Qd2 0-0 14. Qf2 Rfd8 15. Nb3 Rbc8 16. Rac1 Ba8 17. Kh1 Rb8 18. Rcd1 a5 19. e5 Bxf3 20. Qxf3 dxe5 21. fxe5 Nxe5 22. Qg3 Bd6 23. Bf4 Nh5 24. Qg5 Nxf4 25. Qxf4 Nd3 26. Qh4 Nxe1 27. Rxe1 Be7 28. Qh5 a4 29. Nc1 Qc6 30. Nd3 Bf6 31. Nb4 Qc4 32. Ne4 Be7 33. b3 axb3 34. cxb3 Qc8 35. Ng5 Bxg5 36. Qxg5 Ra8 37. Rc1 Qd7 38. h4 Rdc8 39. Rf1 Rxa3 40. h5 h6 41. Qf4 Rxb3 42. Na6 Qb7 43. Qf2 Qxa6 44. Qxf7+ Kh8 45. Qg6 Qc6 46. Qg4 Qc4 47. Rf4 Rb1+ 48. Kh2 Qc5 49. Qf3 Rb4 50. Rf7 Rh4+ 51. Kg3 Qg5+ 52. Kf2 Rc2+ 53. Kg1 Qc1+ 54. Qf1 Qe3+ 55. Rf2 Qxf2+ 56. Qxf2 Rxf2 57. Kxf2 Rxh5 58. g4 Rd5 0-1

[Event "GER-chT North U12"]
[Site "Magdeburg"]
[Date "2014.09.13"]
[Round "5.2"]
[White "Kipke, Kevin"]
[Black "Kanzow, Alexander"]
[Result "0-1"]
[WhiteElo "1388"]
[BlackElo "1110"]
[PlyCount "122"]
[EventDate "2014.09.11"]
[EventType "team-swiss"]
[EventRounds "7"]
[EventCountry "GER"]
[SourceTitle "EXT 2016"]
[Source "ChessBase"]
[SourceDate "2015.10.08"]
[SourceVersion "1"]
[SourceVersionDate "2015.10.08"]
[SourceQuality "1"]
[WhiteTeam "Hamburg Koenigsspringer"]
[BlackTeam "Gottingen Rochade"]
[WhiteTeamCountry "GER"]
[BlackTeamCountry "GER"]

1. e4 e5 2. Nc3 Nf6 3. g3 Bc5 4. Bg2 d6 5. Nge2 Nc6 6. d3 Be6 7. 0-0 Qd7 8. Na4 Bb6 9. Nxb6 axb6 10. Bd2 Bh3 11. c3 Bxg2 12. Kxg2 h5 13. f4 h4 14. Nc1 hxg3 15. hxg3 Qh3+ 16. Kf3 Ng4 17. Rg1 exf4 18. Bxf4 Nce5+ 19. Bxe5 Nxe5+ 20. Ke3 Rh6 21. Qf1 Ng4+ 22. Kd2 Qxf1 23. Rxf1 Rh2+ 24. Ne2 Ke7 25. a3 Rah8 26. Rf4 Ne5 27. Raf1 f6 28. R4f2 b5 29. Nf4 Kf7 30. Ne2 c5 31. b3 Rxf2 32. Rxf2 Rh1 33. Nc1 Rxc1 34. Rxf6+ gxf6 35. Kxc1 Nxd3+ 36. Kd2 Ne5 37. Ke3 Ke6 38. Ke2 f5 39. Ke3 fxe4 40. Kxe4 d5+ 41. Kf4 Kf6 42. b4 cxb4 43. axb4 Nd7 44. Ke3 Ke5 45. g4 Nf8 46. g5 Ne6 47. g6 Kf6 48. g7 Kxg7 49. Kf3 Kf6 50. Ke3 Ke5 51. Kd3 Kf4 52. Ke2 Ke4 53. Kd2 d4 54. Kc2 d3+ 55. Kd2 Ng7 56. Kd1 Ke3 57. Ke1 d2+ 58. Kd1 Kd3 59. c4 bxc4 60. b5 c3 61. b6 c2# 0-1

[Event "GER-chT North U12"]
[Site "Magdeburg"]
[Date "2013.09.14"]
[Round "6.2"]
[White "Oehne, Nico"]
[Black "Kipke, Kevin"]
[Result "0-1"]
[WhiteElo "979"]
[BlackElo "970"]
[PlyCount "74"]
[EventDate "2013.09.12"]
[EventType "team-swiss"]
[EventRounds "7"]
[EventCountry "GER"]
[SourceTitle "EXT 2014"]
[Source "ChessBase"]
[SourceDate "2013.11.20"]
[SourceVersion "1"]
[SourceVersionDate "2013.11.20"]
[SourceQuality "1"]
[WhiteTeam "Nordhorn Blanke"]
[BlackTeam "Hamburg Koenigsspringer"]
[WhiteTeamCountry "GER"]
[BlackTeamCountry "GER"]

1. f4 d5 2. Nf3 Nf6 3. e3 g6 4. Be2 Bg7 5. 0-0 0-0 6. Nc3 c5 7. Na4 b6 8. d3 Nc6 9. Bd2 Ba6 10. Ne5 Bb7 11. Qe1 Nd7 12. Nxd7 Qxd7 13. c3 Qd6 14. d4 c4 15. b3 Ba6 16. Qh4 Bf6 17. Qg4 Rac8 18. Rf3 Rc7 19. Rg3 Bc8 20. Qh5 Re8 21. bxc4 dxc4 22. Bxc4 Rf8 23. e4 Bg7 24. Qf3 Nxd4 25. Qd3 b5 26. Bxb5 Nxb5 27. Qxb5 Qxd2 28. Qd3 Qxf4 29. Rf1 Qe5 30. Rff3 Qa5 31. Nb2 Rxc3 32. Qd2 Qc5+ 33. Kh1 Rc1+ 34. Nd1 Qc7 35. Rf1 Rd8 36. Rd3 Rxd3 37. Qxd3 Bg4 0-1